[Event "Patras Finest Rapid 1st"]
[Site "Patras"]
[Date "2022.07.03"]
[Round "5"]
[White "Stefanou, Dimitrios"]
[Black "Malataras, Gerasimos"]
[Result "0-1"]
[WhiteElo "1809"]
[BlackElo "1752"]
[PlyCount "74"]
[EventDate "2022.07.03"]
[EventType "swiss (rapid)"]
[EventRounds "7"]
[EventCountry "GRE"]
[SourceTitle "EXT 2023"]
[Source "ChessBase"]
[SourceDate "2022.10.05"]
[SourceVersion "1"]
[SourceVersionDate "2022.10.05"]
[SourceQuality "1"]

1. e4 e6 2. Qe2 Be7 3. Nf3 d5 4. d3 Nf6 5. Nbd2 c5 6. g3 0-0 7. Bg2 Nc6 8. 0-0 Qc7 9. Re1 b5 10. e5 Nd7 11. Nf1 Bb7 12. Bf4 Rfc8 13. h4 Qd8 14. c3 a5 15. N1h2 a4 16. a3 b4 17. h5 h6 18. Ng4 Bf8 19. Nd2 bxc3 20. bxc3 Rcb8 21. Nh2 Ba6 22. g4 Be7 23. Nhf3 Rb2 24. Qe3 d4 25. cxd4 Nxd4 26. Nxd4 cxd4 27. Qxd4 Rab8 28. Ne4 Nc5 29. Nd6 Nxd3 30. Red1 Nxf2 31. Rd2 Rxd2 32. Bxd2 Nd3 33. Qxa4 Qb6+ 34. Kh2 Nxe5 35. Ne4 Nxg4+ 36. Kh1 Qc7 37. Kg1 Qh2# 0-1

[Event "GRE-chT2 48th"]
[Site "Thessaloniki"]
[Date "2021.10.09"]
[Round "6.1"]
[White "Stefanou, Dimitrios"]
[Black "Nasos, Valerios"]
[Result "1-0"]
[WhiteElo "2120"]
[BlackElo "1736"]
[PlyCount "67"]
[EventDate "2021.10.05"]
[EventType "team-swiss"]
[EventRounds "7"]
[EventCountry "GRE"]
[SourceTitle "CBM 204 Extra"]
[Source "ChessBase"]
[SourceDate "2021.11.30"]
[SourceVersion "1"]
[SourceVersionDate "2021.11.30"]
[SourceQuality "1"]
[WhiteTeam "Kavalas"]
[BlackTeam "Alexandroupolis Ethnikos"]
[WhiteTeamCountry "GRE"]
[BlackTeamCountry "GRE"]

1. Nf3 Nf6 2. c4 e6 3. g3 d5 4. Bg2 Be7 5. 0-0 0-0 6. b3 d4 7. e3 c5 8. exd4 cxd4 9. d3 Nc6 10. Re1 Bb4 11. Bd2 Bxd2 12. Nbxd2 Re8 13. a3 a5 14. Ne5 Nxe5 15. Rxe5 Nd7 16. Rb5 Qc7 17. b4 e5 18. Rc1 axb4 19. axb4 Ra3 20. Ne4 f5 21. Nc5 Nxc5 22. bxc5 e4 23. dxe4 Bd7 24. Qxd4 Bxb5 25. cxb5 f4 26. b6 Qb8 27. Qb4 Ra8 28. e5 Qxe5 29. Bxb7 Rab8 30. c6 fxg3 31. hxg3 Qe6 32. Ba6 Qh6 33. Qc4+ Kf8 34. b7 1-0

[Event "GRE-ch U20"]
[Site "Trikala"]
[Date "2021.08.26"]
[Round "6"]
[White "Stefanou, Dimitrios"]
[Black "Tzagarakis, Panagiotis"]
[Result "1-0"]
[WhiteElo "1966"]
[BlackElo "1988"]
[PlyCount "113"]
[EventDate "2021.08.23"]
[EventType "swiss"]
[EventRounds "9"]
[EventCountry "GRE"]
[SourceTitle "EXT 2022"]
[Source "ChessBase"]
[SourceDate "2021.10.06"]
[SourceVersion "1"]
[SourceVersionDate "2021.10.06"]
[SourceQuality "1"]

1. d4 d5 2. Nf3 Nf6 3. c4 e6 4. g3 dxc4 5. Bg2 Bd7 6. Qc2 c5 7. Qxc4 Nc6 8. dxc5 Qa5+ 9. Nbd2 Bxc5 10. 0-0 Be7 11. a3 Rc8 12. Qd3 0-0 13. Nc4 Qa6 14. Qb3 Nb4 15. Nfe5 Ba4 16. Qf3 Nc2 17. Rb1 Nd4 18. Qxb7 Qxb7 19. Bxb7 Rc7 20. Bg2 Bc2 21. Be3 Bxb1 22. Rxb1 Nf5 23. Bd2 Nd6 24. b3 Rb8 25. Na5 Rbc8 26. Nac6 Nde4 27. Nxe7+ Rxe7 28. Bb4 Rec7 29. Nc4 Rd7 30. Bf3 Ng5 31. Bg2 Rcd8 32. f3 Rd1+ 33. Rxd1 Rxd1+ 34. Kf2 h5 35. e4 Rd3 36. Nd2 e5 37. Bf1 Rd8 38. Nc4 Nd7 39. Be7 Ne6 40. Bxd8 Nxd8 41. b4 Kf8 42. Bh3 Nb6 43. Nxe5 Ke7 44. Bf1 f6 45. Nc4 Nd7 46. Ke3 Ne5 47. Be2 Ne6 48. f4 Ng4+ 49. Bxg4 hxg4 50. f5 Ng5 51. Kf4 Nf3 52. h3 Nh2 53. hxg4 Nf1 54. e5 fxe5+ 55. Nxe5 Kd6 56. Nc4+ Kc6 57. g5 1-0